000 00979cam a2200289Ia 4500
001 665138567
003 OCoLC
005 20150408114014.0
008 100419s2010 enka b 001 0 eng d
015 _aGBB061118
_2bnb
020 _a9781847558824 (pbk.)
020 _a1847558828 (pbk.)
035 _a(OCoLC)665138567
_z(OCoLC)615905889
040 _aQCL
_beng
_cQCL
_dUKM
_dBWK
_dCDX
050 4 _aHV8073
_b.C692 2010
082 0 4 _a363.250941
_222
245 0 0 _aCrime scene to court :
_bthe essentials of forensic science /
_cedited by Peter White.
250 _a3rd ed.
260 _aCambridge :
_bRSC Publishing,
_cc2010.
300 _axxvi, 569 p. :
_bill. (some col.) ;
_c24 cm.
500 _aPrevious ed.: 2004.
504 _aIncludes bibliographical references and index.
650 0 _aForensic sciences
_zGreat Britain.
_911965
700 1 _aWhite, Peter,
_d1949 Oct. 29-
_911966
710 2 _aRoyal Society of Chemistry (Great Britain)
_910425
942 _2ddc
_cBOOK
999 _c21539
_d256039